000 00519nam a2200193 a 4500
001 1766824443005
003 YourLibrary
005 20251229124203.0
008 251227s2009##################000#0#eng##
020 _a9780195385823
082 0 4 _a294.363
_bPEN
100 1 _aPenner, Hans H,
_eauthor.
245 1 0 _aRediscovering the Buddha :
260 _bOxford University Press,
_c2009.
300 _a273 pages
650 0 _aBiography & Autobiography.
942 _cENGLISH
040 _aYourLibrary
_beng
_cYourLibrary
999 _c605830
_d605830